{"text_format":"3","workbook":"xlsx","n_sheets":2,"sheets":["Sheet1","生产耗材"],"not_rendered":{"images":2,"comments":2},"read":"whole","date_system":"1900"}

{"sheet":"Sheet1","index":0,"n_rows":59,"n_cols":11,"rows_kept":59,"merged":[[0,0,0,10],[8,10,9,10]]}
["2021年临江三固生产工器具采购计划明细表                                                             "]
["序号","物资名称","要求","单位","品牌/厂家","数量","单价","金额","限价","限额","备注"]
[1,"手动液压车","额定负载 Q：2000kg，货叉最低高度 h：85mm，货叉最高高度 h1：200mm，转向轮：Φ200×50mm，承重轮 双轮:Φ80×70mm，货叉尺寸 e×s：160×50mm，货叉总宽度 B：540mm，货叉长度 L：1150mm","辆",null,9,null,null,2200,{"$f":"I3*F3","v":19800}]
[2,"手动称重液压车","额定负载 Q：2000kg，货叉最低高度 h：85mm，货叉最高高度 h1：200mm，转向轮：Φ180×50mm，承重轮 双轮：Φ74×70mm，货叉尺寸 e×s：182×50mm，货叉总宽度 B：540mm，货叉长度 L：1150mm，充电器：DC 1.5 V×4","辆",null,2,null,null,4500,9000]
[3,"电子平台秤","额定称重量（kg） ：3000，显示分度值（kg）：1000，台面尺寸(mm)：1500*1500，秤台高度(mm)：110，基本功能：清零,清皮,皮重,打印，秤台可搬动，可调水平支脚，交直两用电源。","台",null,1,null,null,2500,2500]
[4,"防爆开桶扳手","材质：铍青铜，长度：320m","台",null,5,null,null,400,2000]
[5,"手动平板小推车","72*48cm，4寸蓝色轮子，载重200kg、配刹车","台",null,4,null,null,300,1200]
[6,"加厚塑料长方形周转箱","HDPE材质，蓝色、含盖子；\n外径520*380*220mm左右；","个",null,10,null,null,120,1200]
[7,"自缩式弹簧刀","高碳钢，刀片长度（mm)：61mm，刀片宽度（mm)：19，刀片厚度（mm）：0.6，整体长度（mm）：145，整体宽度（mm）：37，整体厚度（mm）：25","把",null,50,null,null,120,6000,"采购的备用刀片要和道具匹配"]
[8,"自缩式弹簧刀片","高碳钢，刀片长度（mm)：61，刀片宽度（mm)：19，刀片厚度（mm）：0.6，整体长度（mm）：145，整体宽度（mm）：37，整体厚度（mm）：25","盒",null,100,null,null,25,2500]
[9,"胶带机切割器","802通用封箱器","个",null,20,null,null,20,400]
[10,"工业大功率吸尘器","1、按年分批次到货，具体根据实际使用及存储情况而定。2、工业大功率吸尘器，功率4.8KW;\n3、容量70L；4、操作半径〉22米；","台",null,2,null,null,4500,9000]
[11,"隔膜泵","耐酸碱气动隔膜泵、口径DN50、材质：特氟龙+衬氟","台",null,5,null,null,6500,32500]
[12,"高压冲洗水枪","150公斤压力、220V电压","台",null,2,null,null,4000,8000]
[13,"工器具柜子","重型多功能工器具柜，双开门铁柜、高1800*长1000*宽500、蓝色","只",null,5,null,null,3000,15000]
[14,"工器具挂板","450*900*1.5mm 金属材质，含18个挂钩","只",null,40,null,null,300,12000]
[15,"安全帽放置板","32位带支架","只",null,6,null,null,2650,15900]
[16,"现场工器具临时放置架",null,"只",null,5,null,null,300,1500]
[17,"拖把架","带接液盘，银灰色16挂20钩","只",null,8,null,null,500,4000]
[18,"轴流风机","防爆轴流风机CBF-600-200V 0.75KW","台",null,4,null,null,1500,6000]
[19,"手电","强光手电，普通型","套",null,20,null,null,150,3000]
[20,"手电","强光手电，防爆型","套",null,5,null,null,300,1500]
[21,"工业测温枪","测温范围：-32---550℃","套",null,5,null,null,300,1500]
[22,"可燃/有毒气体便携式检测仪","1、四合一便携式检测仪：氧气、可燃气、硫化氢、一氧化碳。2、防爆。","套",null,4,null,null,1500,6000]
[23,"巡检棒","普通型，带25巡检点","套",null,3,null,null,600,1800]
[24,"巡检棒","防爆型，带25个巡检点","套",null,2,null,null,1000,2000]
[25,"便携式溶氧仪",null,"套",null,1,null,null,1855,1855]
[26,"铁铲","平头，带柄","把",null,50,null,null,80,4000]
[27,"洋镐","普通洋镐，带柄","把",null,10,null,null,400,4000]
[28,"活动扳手","10寸","把",null,10,null,null,40,400]
[29,"老虎钳","200mm 8寸","把",null,5,null,null,70,350]
[30,"防漏托盘","黄色 1300x1300x150mm，四桶防泄漏托盘","个",null,20,null,null,890,17800]
[31,"卡板箱","1000*1200*1000mm, 1210D折叠式卡板箱，HDPE材质，可四面进叉","个",null,10,null,null,2210,22100]
[32,"钢丝钳",null,"把",null,5,null,null,200,1000]
[33,"304不锈钢取样钎","长度70cm，宽度2.8cm，木柄","把",null,20,null,null,50,1000]
[34,"泵式取样器（抽油器）","PE材质，长度55cm","根",null,100,null,null,8,800]
[35,"手动抽油器","手摇式抽油器；","把",null,10,null,null,200,2000,"车辆加油使用"]
[36,"油壶","不锈钢长嘴手提式加油壶；带滤网；10L，带拎把。","只",null,10,null,null,100,1000]
[37,"一字穿心螺丝刀","8*250","把",null,10,null,null,50,500]
[38,"裁缝剪刀","10寸","把",null,20,null,null,50,1000]
[39,"十字穿心螺丝刀","8*250mm","把",null,10,null,null,50,500]
[40,"手摇式自喷漆","450ML","瓶",null,100,null,null,15,1500,"红色70瓶，黄色20瓶，黑色10瓶"]
[41,"氧气减压阀","DL-YQY-A 400416","个",null,10,null,null,100,1000]
[42,"乙炔减压阀","DL-YQE-A 400415","个",null,10,null,null,100,1000]
[43,"射吸式割枪","DL-G-30","把",null,5,null,null,150,750]
[44,"乙炔管（红）","8mm ，国标","米",null,100,null,null,15,1500]
[45,"氧气管（蓝）","8mm，国标","米",null,100,null,null,15,1500]
[46,"射吸式割枪嘴","2#","个",null,20,null,null,50,1000]
[47,"焊把线","50mm²，国标线","米",null,50,null,null,70,3500]
[48,"焊把线","35mm²，国标线","米",null,50,null,null,55,2750]
[49,"焊把线","25mm²，国标线","米",null,200,null,null,25,5000]
[50,"电焊钳","100A","把",null,3,null,null,80,240]
[51,"电焊钳","800A","把",null,3,null,null,60,180]
[52,"电焊钳","500A","把",null,5,null,null,50,250]
[53,"接地钳","500A","个",null,5,null,null,30,150]
[54,"氩气减压阀",null,"个",null,10,null,null,100,1000]
[55,"氧气乙炔割据回火器","2C-143","个",null,4,null,null,100,400]
[56,"危废标签","20*20cm、背后带不干胶、可写字、八合一，样式见备注图片；","张",null,2000,null,null,2.85,5700]
[57,"合计",{"$nulls":7},{"$f":"SUM(J3:J58)","v":250025}]

{"sheet":"生产耗材","index":1,"n_rows":16,"n_cols":13,"rows_kept":16,"hidden":true,"merged":[[0,0,0,12],[7,3,8,3],[9,3,10,3]]}
["2021年临江三固生产耗材采购计划\n                                                                            "]
["序号","采购申请部门","物资类别","采购内容","简要用途说明","要求","单位","数量","预算费用（万元）","是否预算内","计划申报时间（精确到日期）","需求时间\n（精确到日期）","备注"]
[1,"临江公司","生产耗材","透明胶带","仓储/预处理及其他各车间","1、长：100m\n2、宽：5cm\n3、厚：2.5mm\n4、透明白\n5、按需采购","卷",1500,1.05,"是","2020-12-01","2021-02-28"]
[2,"临江公司","生产耗材","黄色胶带","仓储/预处理及其他各车间","1、长：100m\n2、宽：5cm\n3、厚：2.5mm\n4、米黄色不透明\n5、按需采购","卷",500,0.35,"是","2020-12-01","2021-02-28"]
[3,"临江公司","生产耗材","红色胶带","仓储/预处理及其他各车间","1、长：100m\n2、宽：5cm\n3、厚：2.5mm\n4、红色色不透明\n5、按需采购","卷",100,0.7,"是","2020-12-01","2021-02-28"]
[4,"临江公司","生产耗材","笤帚","现场清洁使用/应急物资用","1、按年分批次到货，具体根据实际使用及存储情况而定。\n2、普通塑料扫帚。","把",225,0.1875,"是","2020-12-01","2021-02-28"]
[5,"临江公司","生产耗材","簸箕","现场清洁使用/应急物资用","1、按年分批次到货，具体根据实际使用及存储情况而定。\n2、普通塑料簸箕；","把",225,0.1875,"是","2020-12-01","2021-02-28"]
[6,"临江公司","生产耗材","拖把","现场清洁使用","1、按年分批次到货，具体根据实际使用及存储情况而定。\n2、平板拖把，大号；","把",150,0.45,"是","2020-12-01","2021-02-28"]
[7,"临江公司","生产耗材",null,"现场清洁使用","1、按年分批次到货，具体根据实际使用及存储情况而定。\n2、普通拖把；","把",100,0.3,"是","2020-12-01","2021-02-28"]
[39,"临江公司","生产工具","刮水器","现场清洁使用/应急物资用","1、按年分批次到货，具体根据实际使用及存储情况而定。\n2、60cm，硅胶不锈钢刮头，长杆；","把",65,0.2925,"是","2020-12-01","2021-02-28"]
[40,"临江公司","生产工具",null,"现场清洁使用","1、按年分批次到货，具体根据实际使用及存储情况而定。\n2、75cm，硅胶不锈钢刮头，长杆；","把",40,0.18,"是","2020-12-01","2021-02-28"]
[8,"临江公司","生产耗材","DN50软管","现场生产使用","1、按年分批次到货，具体根据实际使用及存储情况而定。\n2、DN50，厚3mm；；\n3、透明，耐酸碱，耐油钢丝软管","米",100,0.3,"是","2020-12-01","2021-02-28"]
[9,"临江公司","生产耗材","DN80软管","现场生产使用","1、按年分批次到货，具体根据实际使用及存储情况而定。\n2、DN80，厚3mm；\n3、透明，耐酸碱，耐油钢丝软管","米",100,0.3,"是","2020-12-01","2021-02-28"]
[10,"临江公司","生产耗材","DN20软管","现场生产使用","1、按年分批次到货，具体根据实际使用及存储情况而定。\n2、DN20，厚3mm；\n3、透明，耐酸碱，耐油钢丝软管","米",100,0.3,"是","2020-12-01","2021-02-28"]
[11,"临江公司","生产耗材","DN25软管","现场生产使用","1、按年分批次到货，具体根据实际使用及存储情况而定。\n2、DN25，厚3mm；\n3、透明，耐酸碱，耐油钢丝软管","米",100,0.3,"是","2020-12-01","2021-02-28"]
[{"$nulls":8},{"$f":"SUM(I3:I15)","v":4.8975}]